Statystyki dla Stolice wybranych państw

Kliknij tutaj aby rozwiązać quiz!

Ogólne statystyki

  • Ten quiz został rozwiązany 151 razy
  • Średni wynik to 32 z 59

Odpowiedzi na mapie

Odpowiedzi skodowane kolorowo w zielono-czerwonej skali na mapie do tego quizu, zgodnie z poniższymi procentami.
 

Statystyki odpowiedzi

Państwo
Stolica% Poprawnych
NorwegiaOslo
85%
SzwecjaSztokholm
83%
Korea PołudniowaSeul
81%
UrugwajMontevideo
79%
JaponiaTokio
74%
Nowa ZelandiaWellington
70%
ArgentynaBuenos Aires
68%
FinlandiaHelsinki
66%
MongoliaUłan Bator
66%
WenezuelaCaracas
64%
KubaHawana
64%
PortugaliaLizbona
64%
SłoweniaLublana
64%
EkwadorQuito
64%
ChileSantiago
64%
TajlandiaBangkok
62%
PeruLima
62%
Korea PółnocnaPjongjang
62%
MarokoRabat
62%
TurcjaAnkara
60%
AngolaLuanda
60%
TunezjaTunis
60%
IrakBagdad
57%
SenegalDakar
57%
GujanaGeorgetown
57%
KeniaNairobi
57%
JemenSana
57%
ParagwajAsunción
55%
JamajkaKingston
55%
OmanMaskat
55%
HaitiPort-au-Prince
55%
IranTeheran
55%
Burkina FasoWagadugu
55%
BelizeBelmopan
53%
IndonezjaDżakarta
53%
TanzaniaDodoma
51%
PakistanIslamabad
51%
LaosWientian
51%
SudanChartum
49%
SomaliaMogadiszu
49%
LibiaTrypolis
49%
GhanaAkra
45%
BangladeszDhaka
45%
NepalKatmandu
43%
UzbekistanTaszkent
43%
BhutanThimphu
40%
NamibiaWindhuk
40%
NigeriaAbudża
38%
KirgistanBiszkek
36%
TadżykistanDuszanbe
36%
ZimbabweHarare
36%
LiberiaMonrovia
36%
KamerunJaunde
34%
ZambiaLusaka
34%
CzadNdżamena
34%
NigerNiamey
34%
MaliBamako
32%
UgandaKampala
30%
MauretaniaNawakszut
30%

Rozkład punktacji

Percentyl według liczby udzielonych odpowiedzi

Procent ludzi z każdym wynikiem

Twoja historia wyników

Nie rozwiązałeś tego quizu